Gaming Quiz

Random Gaming Quiz
Score 0/30 Timer 05:00
0 Plays Today
Class Talent % Correct
DruidStarfall
62.3%
WarriorTitan's Grip
62.3%
WarriorBladestorm
57.1%
PaladinBeacon of Light
53.7%
WarlockChaos Bolt
52.6%
MageLiving Bomb
52%
PaladinDivine Storm
51.4%
DruidWild Growth
50.9%
PriestPenance
49.7%
HunterChimera Shot
48.6%
MageArcane Barrage
48%
HunterExplosive Shot
47.4%
ShamanRiptide
47.4%
ShamanThunderstorm
46.9%
MageDeep Freeze
44.6%
Class Talent % Correct
Death KnightSummon Gargoyle
44.6%
RogueShadow Dance
44%
WarriorShockwave
44%
Death KnightDancing Rune Weapon
42.9%
WarlockHaunt
42.3%
RogueKilling Spree
40.6%
PriestDispersion
39.4%
Death KnightHowling Blast
37.1%
HunterBeast Mastery
35.4%
ShamanFeral Spirit
34.9%
RogueHunger for Blood
33.7%
PaladinHammer of the Righteous
28%
WarlockMetamorphasis
21.1%
DruidBeserk
20.6%
PriestGaurdian Spirit
8%
Remove Ads.
Support Sporcle.
Get the best of Sporcle when you Go Orange. This ad-free experience offers more features, more stats, and more fun while also helping to support Sporcle. Thank you for becoming a member.

You're not logged in!

Compare scores with friends on all Sporcle quizzes.
OR
Log In

Show Comments

Extras

Created Oct 2, 2009ReportNominate
Tags:class, point, talent, Wow

Top Quizzes Today


Score Distribution

Your Account Isn't Verified!

In order to create a playlist on Sporcle, you need to verify the email address you used during registration. Go to your Sporcle Settings to finish the process.

Report this User

Report this user for behavior that violates our Community Guidelines.

Details: